AH International Schools' Libraries

The minister's wife : (Record no. 50082)

MARC details
000 -LEADER
fixed length control field 01672nam a2200253 4500
016 7# - NATIONAL BIBLIOGRAPHIC AGENCY CONTROL NUMBER
Record control number 015972113
Source Uk
020 ## - INTERNATIONAL STANDARD BOOK NUMBER
International Standard Book Number 9781844745562 (pbk.)
020 ## - INTERNATIONAL STANDARD BOOK NUMBER
International Standard Book Number 9781844745562
040 ## - CATALOGING SOURCE
Original cataloging agency IiNdDKA
Language of cataloging eng
Transcribing agency IiNdDKA
042 ## - AUTHENTICATION CODE
Authentication code ukblsr
043 ## - GEOGRAPHIC AREA CODE
Geographic area code e-uk-en
082 04 - DEWEY DECIMAL CLASSIFICATION NUMBER
Classification number 253.220942
Edition number 23
100 1# - MAIN ENTRY--PERSONAL NAME
Personal name Benton, Ann,
Relator term author.
9 (RLIN) 87096
245 14 - TITLE STATEMENT
Title The minister's wife :
Remainder of title privileges, pressures & pitfalls /
Statement of responsibility, etc Ann Benton and friends.
260 ## - PUBLICATION, DISTRIBUTION, ETC. (IMPRINT)
Place of publication, distribution, etc Nottingham :
Name of publisher, distributor, etc Inter-Varsity Press,
Date of publication, distribution, etc 2011.
300 ## - PHYSICAL DESCRIPTION
Extent 208 p. ;
Dimensions 22 cm.
504 ## - BIBLIOGRAPHY, ETC. NOTE
Bibliography, etc Includes bibliographical references.
520 ## - SUMMARY, ETC.
Summary, etc The Minister's Wife' will show you how to make perfect cupcakes, turn out well-groomed children every Sunday morning and rise to the lofty heights where criticism cannot reach. In short, you will quickly become the model minister's wife.<br/><br/>Unfortunately not. However, what this book will do for you is help you to look honestly at the privileges and problems of the manse and the rectory. It will free you up to become the best you can be, unencumbered by nagging concerns about issues that don t really matter.<br/><br/>You are first and foremost a minister's wife before God. What a privilege! This book looks also at the minister's wife's responsibility to her husband and children, as well as to her wider family. It looks at the often-overlooked perks of the job, as well as at thorny issues such as boundaries, forgiveness and forbearance.
650 ## - SUBJECT ADDED ENTRY--TOPICAL TERM
Topical term or geographic name as entry element Spouses of clergy
Geographic subdivision England
Form subdivision Anecdotes.
9 (RLIN) 87097
650 ## - SUBJECT ADDED ENTRY--TOPICAL TERM
Topical term or geographic name as entry element Marriage
9 (RLIN) 1332
General subdivision Biblical teaching.
650 ## - SUBJECT ADDED ENTRY--TOPICAL TERM
Topical term or geographic name as entry element Christian life. Women biblical teaching
9 (RLIN) 82287
942 ## - ADDED ENTRY ELEMENTS (KOHA)
Source of classification or shelving scheme
Koha item type Book
Holdings
Withdrawn status Lost status Source of classification or shelving scheme Damaged status Not for loan Home library Current library Date acquired Total Checkouts Full call number Barcode Date last seen Price effective from Koha item type
          Logos International School Logos International School 01/15/2026   253.22 BEN 040814 01/20/2026 01/15/2026 Book

For any Logos Library related questions please contact Miss Art at swongnarasuk@asianhope.org.

For any Asian Hope Library related questions please contact Miss Raza at graza@asianhope.org.

Click here to explore our ebooks!

Powered by Koha